000 01398cam a2200265 4500
001 X125665
008 040330n2004 000 0 eng u
035 _a(Sirsi) u125665
100 _aHenchie, N.
245 4 _aThe Orgalime turnkey contract for industrial works - an alternative to FIDIC's Silver Book?
260 _c2004
490 _aInternational Construction Law Review
_v21(1) January 2004, 67-82(16)
520 _aReviews the Orgalime "Turnkey contract for industrial works", which was introduced in March 2003. This is the latest in a series of contracts which can be used as an alternative to FIDIC's "Conditions of contract for EPC turnkey contracts" known as ther Silver Book. It aims to provide a fairer allocation of risk between the parties. Provides a summary of its key contractual terms. Examines when it should be used, its variations, extentions of time, limitation of liability and force majeure. Key comparisons are in the form of a table. Concludes it will be preferred by contractors to the Silver Book.
590 _aABS
590 _aABS
650 _aTURNKEY CONTRACTS
650 _aSILVER BOOK
650 _aRISK ALLOCATION
650 _aEXTENSIONS OF TIME
650 _aLIMITATION OF LIABILITY
650 _aFORCE MAJEURE
650 _aORGALIME TURNKEY CONTRACT FOR INDUSTRIAL WORKS
690 _aBUILDING AND CONSTRUCTION-CONTRACTS
942 _n0
999 _c117147
_d117147